Statistics for Minnesota Timberwolves: Most 3-PT FGs Each Year

Click here to take the quiz!

General Stats

  • This quiz has been taken 137 times
    (42 since last reset)
  • The average score is 11 of 34

Answer Stats

YearPlayer3-PT FGs% Correct
2018-2019Karl-Anthony Towns142
97%
2019-2020Karl-Anthony Towns114
97%
2017-2018Karl-Anthony Towns120
97%
2022-2023Anthony Edwards213
95%
2020-2021Anthony Edwards171
95%
2013-2014Kevin Love190
64%
2011-2012Kevin Love105
64%
2016-2017Zach LaVine120
44%
2015-2016Zach LaVine123
44%
2021-2022Malik Beasley240
31%
2003-2004Latrell Sprewell99
28%
1997-1998Stephon Marbury95
28%
1996-1997Stephon Marbury / James Robinson102
28%
2010-2011Wesley Johnson103
26%
2009-2010Corey Brewer82
21%
2014-2015Kevin Martin75
21%
1994-1995Isaiah Rider139
18%
1995-1996Isaiah Rider102
18%
1989-1990Pooh Richardson23
18%
1991-1992Pooh Richardson53
18%
2000-2001Anthony Peeler100
15%
1999-2000Anthony Peeler85
15%
1998-1999Anthony Peeler34
15%
2001-2002Chauncey Billups124
15%
2002-2003Troy Hudson97
10%
2004-2005Troy Hudson89
10%
1993-1994Chuck Person100
8%
1992-1993Chuck Person118
8%
2008-2009Randy Foye111
8%
2006-2007Ricky Davis123
8%
2012-2013J.J. Barea97
5%
2007-2008Rashad McCants142
3%
2005-2006Rashad McCants67
3%
1990-1991Scott Brooks45
3%

Score Distribution

Percentile by Number Answered

Percent of People with Each Score

Your Score History

You have not taken this quiz since the last reset